| 000 | 01552nam2a22002651 4500 | ||
|---|---|---|---|
| 001 | RU\NLR\INFOCOMM55\5000139330 | ||
| 005 | 20250617022125.0 | ||
| 035 | _a(NLR Aleph) 002374537 | ||
| 090 |
_a4582567 _c4582567 |
||
| 100 | _a20041208d1989 |||y0rusy50 ca | ||
| 101 | 0 | _arus | |
| 102 | _aRU | ||
| 105 | _ay ||||000|y | ||
| 200 | 0 | _aт.43 | |
| 210 |
_d1989 _aБ. м. |
||
| 225 | 0 |
_aСовременные проблемы математики _vт.43 _iТеория вероятностей _v1 |
|
| 461 | 0 |
_1001RU\NLR\INFOCOMM18\1000224200 _12001#$aСовременная математика и ее приложения$eТемат. обзоры$fРос. акад. наук. М-во науки и техн. политики Рос. Федерации Всерос. ин-т науч. и техн. информ. (ВИНИТИ)$vт.43 _94518377 _cМ. _d1985- _fРос. акад. наук. М-во науки и техн. политики Рос. Федерации Всерос. ин-т науч. и техн. информ. (ВИНИТИ) _oТемат. обзоры _tСовременная математика и ее приложения _vт.43 |
|
| 462 | 0 |
_1001RU\NLR\INFOCOMM55\5000139317 _12001#$aТеория вероятностей$v1 _94582554 _cМ. _d1989- _nВИНИТИ _tСовременная математика и ее приложения. - Теория вероятностей _v1 |
|
| 801 | 1 |
_aRU _bInfoComm _c20041208 |
|
| 801 | 0 |
_aRU _bNLR _gPSBO |
|
| 852 |
_aNLR _jП7/2073 |
||
| 942 | _cISSUE | ||
| 980 | _aNB | ||
| 980 | _aRUSPER | ||